Movies Quiz

Random Movies Quiz

Nationalities of Movie Characters Quiz Stats

 Plays Quiz not verified by Sporcle

Challenge
Share
Tweet
Embed
Score 0/16 Timer 06:00
0 Plays Today
Charcter Nationality % Correct
Indiana JonesAmerican
96.8%
Jacques ClouseauFrench
94.7%
Lara CroftBritish (English)
94.4%
Karl Friedrich Hieronymus Freiherr von MunchausenGerman
92.6%
Sun Wu Kong (The Forbidden Kingdom)Chinese
90.9%
Pavel ChekovRussian
90.5%
Keisuke Miyagi Japanese
90.2%
Inigo Montoya (The Princess Bride)Spanish
82.8%
Charcter Nationality % Correct
Max Rockatansky (Mad Max)Australian
73%
Borat SagdiyevKazakh
61.8%
Ernst Stavro BlofeldPolish & Greek
53.7%
Hannibal LecterLithuanian & Italian
52.6%
Macmorris (Henry V)Irish
51.2%
Ilsa Lund (Casablanca)Norwegian
34.4%
Selene (Underworld)Hungarian
22.5%
Storm (X-men)Kenyan
20.7%

You're not logged in!

Compare scores with friends on all Sporcle quizzes.
Join for Free
OR
Log In

You Might Also Like...

Show Comments

Extras

Created Aug 19, 2010ReportNominate

Top Quizzes Today


Score Distribution

Your Account Isn't Verified!

In order to create a playlist on Sporcle, you need to verify the email address you used during registration. Go to your Sporcle Settings to finish the process.

Report this User

Report this user for behavior that violates our Community Guidelines.

Details: